000 00410nam a2200145Ia 4500
008 230312s9999||||xx |||||||||||||| ||und||
020 _a9780071840187
082 _a423.1
_bMCG-M
100 _aAlbright Christian S.
245 0 _aBusiness Analytics Data Analysis and Decision Making
260 _bMcgraw Hill
_aUSA
_c2015
300 _a512
650 _aDictionary
_vEnglish language Dictionaries
942 _cBK
999 _c18282
_d18282